LEADER 01471nas 2200493-a 450 001 9910446846703321 005 20230213213019.0 011 $a1552-8278 035 $a(DE-599)ZDB2030802-4 035 $a(OCoLC)41205740 035 $a(CKB)954925591435 035 $a(CONSER)--2004214349 035 $a(EXLCZ)99954925591435 100 $a19990419a19909999 s-- a 101 0 $aeng 135 $aurmnu|||||||| 181 $ctxt$2rdacontent 182 $cc$2rdamedia 183 $acr$2rdacarrier 200 10$aSmall group research 210 $a[Thousand Oaks, Calif.] $cSage Publications$d[1990]- 300 $aRefereed/Peer-reviewed 300 $aTitle from journal home page (Sage Web site, viewed Sept. 26, 2007). 311 $a1046-4964 531 $aSMALL GR RES 531 $aSMALL GROUP RES 606 $aSmall groups$vPeriodicals 606 $aSmall groups$xResearch$vPeriodicals 606 $aGroup Processes 606 $aPsychotherapy, Group 606 $aSmall groups$2fast$3(OCoLC)fst01121421 606 $aSmall groups$xResearch$2fast$3(OCoLC)fst01121432 608 $aPeriodicals.$2fast 615 0$aSmall groups 615 0$aSmall groups$xResearch 615 2$aGroup Processes. 615 2$aPsychotherapy, Group. 615 7$aSmall groups. 615 7$aSmall groups$xResearch. 676 $a302 906 $aJOURNAL 912 $a9910446846703321 996 $aSmall group research$92108957 997 $aUNINA LEADER 02584nam0 2200565 i 450 001 VAN00113885 005 20240806100750.144 017 70$2N$a9783319255620 100 $a20180122d2015 |0itac50 ba 101 $aeng 102 $aCH 105 $a|||| ||||| 200 1 $aDiscrete fractional calculus$fChristopher Goodrich, Allan C. Peterson 210 $a[Cham]$cSpringer$d2015 215 $aXIII, 556 p.$cill.$d24 cm 500 1$3VAN00234977$aDiscrete fractional calculus$91522830 606 $a26A33$xFractional derivatives and integrals [MSC 2020]$3VANC028651$2MF 606 $a26E70$xReal analysis on time scales or measure chains [MSC 2020]$3VANC033780$2MF 606 $a34E10$xPerturbations, asymptotics of solutions to ordinary differential equation [MSC 2020]$3VANC022669$2MF 606 $a34Nxx$xDynamic equations on time scales or measure chains [MSC 2020]$3VANC032294$2MF 606 $a39A10$xAdditive difference equations [MSC 2020]$3VANC022520$2MF 606 $a39A12$xDiscrete version of topics in analysis [MSC 2020]$3VANC022618$2MF 606 $a39Axx$xDifference equations [MSC 2020]$3VANC029241$2MF 610 $aDelta Laplace transform$9KW:K 610 $aDifference calculus$9KW:K 610 $aDiscrete fractional calculus$9KW:K 610 $aDiscrete nabla integral$9KW:K 610 $aFloquet Theory$9KW:K 610 $aFractional boundary value problems$9KW:K 610 $aFractional power rules$9KW:K 610 $aGreen's Function$9KW:K 610 $aInteger-order time scale calculus$9KW:K 610 $aLaplace transform$9KW:K 610 $aMittag-Leffler function$9KW:K 610 $aNabla exponential function$9KW:K 610 $aNabla fractional calculus$9KW:K 610 $aOrdinary Differential Equations$9KW:K 610 $aQuantum calculus$9KW:K 620 $aCH$dCham$3VANL001889 700 1$aGoodrich$bChristopher$3VANV087976$0755686 701 1$aPeterson$bAllan C.$3VANV087977$066328 712 $aSpringer $3VANV108073$4650 801 $aIT$bSOL$c20250411$gRICA 856 4 $uhttp://dx.doi.org/10.1007/978-3-319-25562-0$zE-book ? Accesso al full-text attraverso riconoscimento IP di Ateneo, proxy e/o Shibboleth 899 $aBIBLIOTECA DEL DIPARTIMENTO DI MATEMATICA E FISICA$1IT-CE0120$2VAN08 912 $fN 912 $aVAN00113885 950 $aBIBLIOTECA DEL DIPARTIMENTO DI MATEMATICA E FISICA$d08DLOAD e-book 0169 $e08eMF169 20180122 996 $aDiscrete fractional calculus$91522830 997 $aUNICAMPANIA LEADER 02401nam2 22004693i 450 001 RAV0125343 005 20251003044325.0 010 $a8802035164 100 $a19910121d1980 ||||0itac50 ba 101 | $aita 102 $ait 181 1$6z01$ai $bxxxe 182 1$6z01$an 183 1$6z01$anc$2RDAcarrier 200 1 $aˆ14: L'‰Africa$fC. Giglio, R. Oliver, A. Atmore 210 $aTorino$cUnione tipografico-editrice torinese$dc1980 215 $aXVIII, 698 p., [50] carte di tav.$cill., carte geografiche$d25 cm 300 $aSul frontespizio: con 50 tavole fuori testo in nero e a colori 314 $aSC/PUV 03/07/02 SC/PAL 19/12/95$9RAVV027845 314 $aSC/MIL 02/06/95$9RAVV051577 461 1$1001CFI0014831$12001 $aNuova storia universale dei popoli e delle civiltà$v14 606 $aAfrica$xStoria$2FIR$3CFIC007601$9E 676 $a909$9STORIA MONDIALE$v21 676 $a960$9STORIA GENERALE DELL'AFRICA$v12 676 $a960$9STORIA GENERALE DELL'AFRICA$v20 676 $a960$9STORIA GENERALE DELL'AFRICA$v21 676 $a960$9STORIA. AFRICA$v22 686 $aX00.0/AF$cSTORIA DELL'AFRICA$2R 700 1$aGiglio$b, Carlo$f <1911-1976>$3RAVV051577$4070$0309499 701 1$aOliver$b, Roland Anthony$3RAVV027845$4070$0130348 701 1$aAtmore$b, Anthony$3RAVV051578$4070$0242824 790 1$aOliver$b, Roland$3LO1V151205$zOliver, Roland Anthony 790 1$aGiglio$b, Carlo$f <1911-1976>$3RMLV251977$zGiglio, Carlo <1911-1976> 790 1$aAtmore$b, A.$3UTOV544078$zAtmore, Anthony 801 3$aIT$bIT-000000$c19910121 850 $aIT-BN0095 $aIT-NA0243 $aIT-SA0112 $aIT-AV0003 $aIT-AV0007 $aIT-NA0079 $aIT-NA0022 $aIT-CE0066 $aIT-NA0261 $aIT-NA0666 $aIT-AV0045 $aIT-NA0580 912 $aRAV0125343 950 2$aBiblioteca Centralizzata di Ateneo$cv. 1-20$d 01STORICA 15 NUOSUD$e 01AR 0070033755 VMA (0014 v. 14$fB $h20250723$i20250723 950 2$aCentro Librario e Bibliotecario per la Diffusione della cultura$c27 v. (v.1-20 + aggiornamento)$d 67SALA A A XIII 3.1$e 67 0000016575 VMA (14 v. 14$fA $h20140201$i20140201 977 $a 01$a 67$a 84$a AR$a AV$a BN$a CI$a CV$a FT$a GV$a MV$a PS 996 $aAfrica$91056190 997 $aUNISANNIO